000 00652nam a2200277Ia 4500
005 20260121124553.0
008 008 260114s9999 xx 000 0 eng d
020 _a9780691184340
037 _aEBOOK
040 _aCRL
040 _beng
040 _cCRL
041 _2eng
041 _aeng
084 _qCRL
100 _aGetachew, Adom
_9978240
245 0 _aWorldmaking after Empire
260 _bWalter de Gruyter
260 _bWalter de Gruyter
260 _c2019
650 _aPhilosophy
_9978241
856 _uhttp://www.degruyter.com/isbn/9780691184340
942 _cEBOOK
999 _c1555580
_d1555580